De rama en rama : investigando el bosque (Record no. 65524)

MARC details
000 -CABECERA
campo de control de longitud fija 00608nam a2200217 a 4500
005 - FECHA Y HORA DE LA ÚLTIMA TRANSACCIÓN
campo de control 20210219153002.0
008 - ELEMENTOS DE LONGITUD FIJA--INFORMACIÓN GENERAL
campo de control de longitud fija 991125n 000 0 spa u
035 ## - NÚMERO DE CONTROL DEL SISTEMA
Número de control de sistema UPN01000070846
100 ## - ASIENTO PRINCIPAL--NOMBRE PERSONAL
Nombre de persona D'ANGELO, Estela
222 ## - TÍTULO CLAVE
Título clave LA EDUCACION EN LOS PRIMEROS AÑOS
245 ## - MENCIÓN DE TÍTULO
Título De rama en rama : investigando el bosque
300 ## - DESCRIPCIÓN FÍSICA
Extensión 80-96
362 ## - FECHAS DE PUBLICACIÓN Y/O DESIGNACIÓN SECUENCIAL
Fecha de publicación y/o designación secuencial 1998 Año 1, no. 4, sept.
653 0# - TERMINO DE INDIZACION - NO CONTROLADO
Término no controlado EDUCACION AMBIENTAL
653 0# - TERMINO DE INDIZACION - NO CONTROLADO
Término no controlado EDUCACION INICIAL
653 0# - TERMINO DE INDIZACION - NO CONTROLADO
Término no controlado SALIDAS ESCOLARES
700 ## - ASIENTO SECUNDARIO--NOMBRE DE PERSONAL
Nombre de persona BURILLO, Julia, coaut.
700 ## - ASIENTO SECUNDARIO--NOMBRE DE PERSONAL
Nombre de persona MEDINA, Angeles, coaut.
904 ## - ELEMENTOS DE DATOS D LOCAL, LDD (RLIN)
a AC
b 008657
905 ## - TIPO DE MATERIAL
Tipo de material Articulo

No items available.